Những ngành kỹ thuật mũi nhọn của thế giới : t. I /

שמור ב:
מידע ביבליוגרפי
מחבר ראשי: Anh Việt
מחברים אחרים: Đinh Công Thành, Minh Huy
פורמט: Sách giấy
שפה:Vietnamese
יצא לאור: TP.HCM : Trẻ , 1995
תגים: הוספת תג
אין תגיות, היה/י הראשונ/ה לתייג את הרשומה!
Thư viện lưu trữ: Thư viện Trường Đại học Đà Lạt
LEADER 00682nam a2200277 4500
001 DLU020015610
005 ##9/10/2000
020 # # |a 978- 
041 # # |a vie 
082 # # |a 600  |b AN-V 
090 # # |a 600  |b AN-V 
100 # # |a Anh Việt 
245 # # |a Những ngành kỹ thuật mũi nhọn của thế giới :  |b t. I /  |c Anh Việt, Minh Huy, Đinh Công Thành 
260 # # |a TP.HCM :  |b Trẻ ,  |c 1995 
300 # # |a 127 tr.;   |c 20 cm. 
700 # # |a Đinh Công Thành 
700 # # |a Minh Huy 
992 # # |a 9000 
994 # # |a DLU 
900 # # |a False 
911 # # |a Administrator 
925 # # |a G 
926 # # |a A 
927 # # |a SH 
980 # # |a Thư viện Trường Đại học Đà Lạt